How to win friends and influence people (Record no. 2448)

MARC details
000 -LEADER
fixed length control field 00428nam a22001697a 4500
005 - DATE AND TIME OF LATEST TRANSACTION
control field 20260413155000.0
008 - FIXED-LENGTH DATA ELEMENTS--GENERAL INFORMATION
fixed length control field 160613b xxu||||| |||| 00| 0 eng d
020 ## - INTERNATIONAL STANDARD BOOK NUMBER
ISBN 978-0-671-72365
041 ## - LANGUAGE CODE
Language code of text/sound track or separate title eng
082 ## - DEWEY DECIMAL CLASSIFICATION NUMBER
Classification number 158.2
100 ## - MAIN ENTRY--AUTHOR NAME
Personal name Carnegie, Dale
245 ## - TITLE STATEMENT
Title How to win friends and influence people
260 ## - PUBLICATION, DISTRIBUTION, ETC. (IMPRINT)
Place of publication New York
Name of publisher Pocket Books
Year of publication 1964
300 ## - PHYSICAL DESCRIPTION
Number of Pages 266
650 ## - SUBJECT ADDED ENTRY--TOPICAL TERM
Topical Term Applied psychology
942 ## - ADDED ENTRY ELEMENTS (KOHA)
Koha item type Books
Holdings
Lost status Damaged status Collection code Home library Current library Shelving location Date acquired Cost, normal purchase price Full call number Accession Number Koha item type
    LIFE SKILL JRU Library JRU Library SHELF-101-H 13/06/2016 2.75 158.2 7012 Books